[Event "Titled Tue 26th Aug Early"]
[Site "chess.com INT"]
[Date "2025.08.26"]
[Round "7"]
[White "Guliev, Gasan"]
[Black "Lindholm, Jere"]
[Result "1-0"]
[WhiteTitle "CM"]
[WhiteElo "2123"]
[BlackElo "2140"]
[WhiteFideId "34165638"]
[BlackFideId "508012"]
[EventDate "2025.08.26"]

1. e4 c5 2. Nf3 Nc6 3. Bb5 g6 4. Bxc6 bxc6 5. d4 cxd4 6. Qxd4 Nf6 7. e5 Nd5 8.
c4 Nb4 9. Qc3 Qa5 10. O-O c5 11. e6 f6 12. exd7+ Bxd7 13. Be3 e5 14. Nbd2 Nc6
15. Qd3 Nb4 16. Qe2 Bg7 17. Ne4 O-O 18. Nxc5 Bf5 19. a3 Nc2 20. Rac1 Nxe3 21.
Qxe3 h5 22. b4 Qc7 23. h3 Kh7 24. Rfd1 Bh6 25. Qe2 Bxc1 26. Rxc1 Rfd8 27. g4
hxg4 28. hxg4 Bc8 29. g5 Bb7 30. gxf6 e4 31. Ng5+ Kh6 32. Qg4 1-0

[Event "Titled Tue 26th Aug Early"]
[Site "chess.com INT"]
[Date "2025.08.26"]
[Round "7"]
[White "Souleidis, Georgios"]
[Black "Fedorov, Artem Alek"]
[Result "0-1"]
[WhiteTitle "IM"]
[BlackTitle "CM"]
[WhiteElo "2418"]
[BlackElo "2093"]
[WhiteFideId "4206827"]
[BlackFideId "34418431"]
[EventDate "2025.08.26"]

1. e4 c5 2. Be2 Nc6 3. f4 d5 4. d3 e6 5. Nf3 Bd6 6. O-O Nge7 7. e5 Bc7 8. c3 h5
9. d4 cxd4 10. cxd4 Nf5 11. Na3 Ncxd4 12. Nxd4 Nxd4 13. Nb5 Nxb5 14. Bxb5+ Bd7
15. Bd3 Bb6+ 16. Kh1 g6 17. b3 h4 18. h3 Bc5 19. Bd2 Qb6 20. Qg4 Bb5 21. Bxg6
Bxf1 22. Rxf1 fxg6 23. Qxg6+ Kd7 24. f5 exf5 25. Qg7+ Be7 26. Rxf5 Rag8 27. Qf7
Qe6 28. Bb4 Rf8 0-1

[Event "Titled Tue 26th Aug Early"]
[Site "chess.com INT"]
[Date "2025.08.26"]
[Round "7"]
[White "Arnold, Rhys"]
[Black "Kuznecova, Marija"]
[Result "0-1"]
[WhiteTitle "FM"]
[BlackTitle "WFM"]
[WhiteElo "2269"]
[BlackElo "2207"]
[WhiteFideId "1068849"]
[BlackFideId "11618736"]
[EventDate "2025.08.26"]

1. e4 c5 2. Nf3 d6 3. d4 cxd4 4. Nxd4 Nf6 5. Nc3 a6 6. Be3 e5 7. Nf3 Be7 8. Bc4
O-O 9. O-O Be6 10. Qe2 b5 11. Bb3 Nc6 12. Bg5 h6 13. Bxf6 Bxf6 14. Nd5 Na5 15.
Rfd1 Nxb3 16. axb3 Bxd5 17. Rxd5 Qc7 18. c3 Be7 19. Nd2 Qb7 20. Qd3 Rfc8 21. Nf1
g6 22. Ne3 Kg7 23. b4 Rf8 24. Qc2 Rac8 25. Rdd1 h5 26. Nd5 Bg5 27. Qe2 f5 28.
exf5 Rxf5 29. Ne3 Rf6 30. Rd3 Rcf8 31. Rf1 Qe4 32. Qd2 d5 33. Qd1 d4 34. cxd4
exd4 35. Nc2 Rc8 36. Nxd4 Rc4 37. Nf3 Bf4 38. Rd7+ Kh6 39. Re1 Qf5 40. g3 Rc1
41. Qe2 Rxe1+ 42. Qxe1 Qxd7 43. gxf4 Qg4+ 0-1

[Event "Titled Tue 26th Aug Early"]
[Site "chess.com INT"]
[Date "2025.08.26"]
[Round "7"]
[White "Chen, Yidong"]
[Black "Sai, Han Thiha"]
[Result "0-1"]
[BlackTitle "FM"]
[WhiteElo "2068"]
[BlackElo "2117"]
[WhiteFideId "8607028"]
[BlackFideId "13012290"]
[EventDate "2025.08.26"]

1. e4 c6 2. d4 d5 3. e5 c5 4. Nf3 cxd4 5. Nxd4 Nc6 6. Nxc6 bxc6 7. Bd3 a5 8. Qe2
e6 9. Nd2 Ne7 10. Nf3 Nf5 11. O-O Be7 12. c4 Ba6 13. b3 O-O 14. Bb2 a4 15. Rfd1
Qc7 16. h3 Rfb8 17. Bxf5 exf5 18. Qc2 a3 19. Bc3 dxc4 20. Qxf5 Bc8 21. Qc2 cxb3
22. axb3 Be6 23. Nd4 Bd5 24. Re1 Qb6 25. e6 Bf6 26. exf7+ Bxf7 27. Nf5 Qxb3 28.
Qxb3 Rxb3 29. Bxf6 gxf6 30. Ne7+ Kf8 31. Nxc6 Rc3 32. Nd4 a2 33. Kh2 Rb8 34. Nf5
Rc2 35. Kg3 Rcb2 36. f3 Rb1 37. Nd4 Rxe1 38. Rxe1 Rb1 0-1

[Event "Titled Tue 26th Aug Early"]
[Site "chess.com INT"]
[Date "2025.08.26"]
[Round "7"]
[White "Goldin, Roman"]
[Black "Tikhonov, Viacheslav"]
[Result "0-1"]
[WhiteTitle "FM"]
[BlackTitle "CM"]
[WhiteElo "2284"]
[BlackElo "2183"]
[WhiteFideId "2803860"]
[BlackFideId "44196407"]
[EventDate "2025.08.26"]

1. e4 c5 2. Nf3 Nc6 3. c3 Nf6 4. d3 g6 5. Nbd2 Bg7 6. g3 O-O 7. Bg2 e5 8. O-O d5
9. exd5 Nxd5 10. Nc4 Re8 11. Re1 f6 12. d4 cxd4 13. cxd4 e4 14. Nfd2 f5 15. Qb3
Nxd4 16. Qd1 b5 17. Na3 Be6 18. Nb3 Nxb3 19. Qxb3 Qa5 20. Rd1 Nc3 21. bxc3 Bxb3
22. axb3 Qxc3 23. Bd2 Qxb3 24. Bf1 Bxa1 25. Rxa1 a6 26. h4 Qb2 0-1

[Event "Titled Tue 26th Aug Early"]
[Site "chess.com INT"]
[Date "2025.08.26"]
[Round "7"]
[White "Nassr, Ahmed"]
[Black "Aalto, Patrik"]
[Result "1-0"]
[WhiteTitle "IM"]
[BlackTitle "FM"]
[WhiteElo "2153"]
[BlackElo "2335"]
[WhiteFideId "7904860"]
[BlackFideId "510726"]
[EventDate "2025.08.26"]

1. d4 Nf6 2. Bf4 c5 3. e3 Nd5 4. Bg3 Qb6 5. c4 Qxb2 6. cxd5 Qxa1 7. Qc2 Na6 8.
a3 e6 9. Bxa6 bxa6 10. Ne2 d6 11. Nc1 c4 12. Nb3 cxb3 13. Qc6+ Kd8 14. O-O Qb2
15. Bxd6 Bxd6 16. Qxd6+ Bd7 17. dxe6 fxe6 18. d5 Qf6 19. Rd1 Qe7 20. Qe5 exd5
21. Qxd5 Rc8 22. Nd2 Qe6 23. Qd4 Re8 24. Nxb3 Qb6 25. Qxd7# 1-0

[Event "Titled Tue 26th Aug Early"]
[Site "chess.com INT"]
[Date "2025.08.26"]
[Round "7"]
[White "Reprintsev, Alexander"]
[Black "Lemos, Dawton Almino"]
[Result "1-0"]
[WhiteTitle "IM"]
[BlackTitle "FM"]
[WhiteElo "2256"]
[BlackElo "2172"]
[WhiteFideId "14100541"]
[BlackFideId "2146797"]
[EventDate "2025.08.26"]

1. e4 e6 2. Nf3 c5 3. b3 Nc6 4. Bb2 Nf6 5. e5 Nd5 6. g3 Be7 7. c4 Nc7 8. Bg2 O-O
9. d4 cxd4 10. Nxd4 Nxe5 11. Nxe6 Nxe6 12. Bxe5 Bf6 13. Bc3 Bxc3+ 14. Nxc3 Qa5
15. Qd2 Qe5+ 16. Qe3 Qxe3+ 17. fxe3 Rb8 18. O-O-O Nc7 19. Rd6 b5 20. c5 b4 21.
Ne4 Ne6 22. Kb2 Bb7 23. Rxd7 Bxe4 24. Bxe4 Nxc5 25. Rd4 Rfe8 26. Bd5 Rxe3 27.
Rf1 Rf8 28. Bc4 Ne6 29. Rd7 a5 30. Ra7 Re5 31. Rf2 h5 32. h4 g6 33. a3 bxa3+ 34.
Kxa3 f5 35. Rd2 Rf7 36. Ra6 Re7 37. Rdd6 Kf7 38. Ka4 Kf6 39. Rxa5 Re3 40. Raa6
f4 41. gxf4 Kf5 42. Bxe6+ R7xe6 43. Rxe6 Rxe6 44. Rxe6 Kxe6 45. b4 Kf5 46. b5
Kxf4 47. b6 g5 48. b7 gxh4 49. b8=Q+ Kg4 50. Qh2 1-0

[Event "Titled Tue 26th Aug Early"]
[Site "chess.com INT"]
[Date "2025.08.26"]
[Round "7"]
[White "Berikkyzy Alanna"]
[Black "Shearsby, Jude"]
[Result "1-0"]
[WhiteTitle "WFM"]
[BlackTitle "CM"]
[WhiteElo "2162"]
[BlackElo "2270"]
[WhiteFideId "13780719"]
[BlackFideId "462527"]
[EventDate "2025.08.26"]

1. e4 h5 2. d4 a5 3. Bd3 a4 4. Ne2 h4 5. c4 Ra7 6. Nbc3 Ra8 7. Be3 Rh7 8. e5 Rh8
9. d5 Rh5 10. f4 Rh8 11. h3 a3 12. b3 e6 13. O-O d6 14. dxe6 Bxe6 15. Be4 c6 16.
exd6 Qxd6 17. Nd4 Nd7 18. f5 Ngf6 19. fxe6 fxe6 20. Bg6+ Kd8 21. Qd2 Qg3 22.
Nxe6+ Kc8 23. Bf5 Bd6 24. Bf4 Bxf4 25. Rxf4 Ra5 26. Rf3 Qe5 27. Re1 Qb8 28. Nxg7
Rg8 29. Re7 Qc7 30. Bxd7+ Nxd7 31. Rff7 Rd8 32. Ne6 Qb6+ 33. c5 Rxc5 34. Nxc5
Nxc5 35. Qf2 Kb8 36. Na4 Nxa4 37. Rxb7+ Qxb7 38. Rxb7+ Kxb7 39. bxa4 c5 40. Qxc5
Rd1+ 41. Kh2 Rd7 42. Qxa3 Rc7 43. Qb3+ Kc8 44. Qe6+ Kb7 45. Qe4+ Kb8 46. Qxh4
Kb7 47. Qe4+ Kb8 48. h4 Rc8 49. h5 Rc7 50. h6 Ka7 51. h7 Rc8 52. Qe5 Kb7 53.
h8=Q Rc7 54. Qh3 Rc8 55. Qxc8+ Kb6 56. g4 Ka7 57. g5 Kb6 58. g6 Ka7 59. g7 Kb6
60. g8=R Ka7 61. Rg7+ Kb6 62. Qd4+ Ka5 63. Rg5# 1-0

[Event "Titled Tue 26th Aug Early"]
[Site "chess.com INT"]
[Date "2025.08.26"]
[Round "7"]
[White "Khadour, Ismael"]
[Black "Zampronha, Wladimir Camilo"]
[Result "0-1"]
[WhiteTitle "FM"]
[WhiteElo "1992"]
[BlackElo "2157"]
[WhiteFideId "7601930"]
[BlackFideId "2103087"]
[EventDate "2025.08.26"]

1. e4 c5 2. Nf3 e6 3. d4 cxd4 4. c3 Nf6 5. e5 Nd5 6. cxd4 b6 7. Nc3 Nxc3 8. bxc3
Qc7 9. Bb2 Bb7 10. Bd3 d6 11. O-O Nd7 12. Re1 Be7 13. Rc1 O-O 14. Bb1 dxe5 15.
Nxe5 Nxe5 16. dxe5 Rfd8 17. Qg4 g6 18. c4 Rac8 19. h4 h5 20. Qg3 Kg7 21. Ba3
Bxa3 22. Qxa3 Rd4 23. Qg3 Qe7 24. f4 Rdxc4 25. Rxc4 Rxc4 26. f5 exf5 27. Bxf5
Qxh4 28. Qxh4 Rxh4 29. Bd3 Bd5 30. Bf1 Bxa2 31. Ra1 Ra4 32. Bb5 Ra5 33. Bd3 Be6
34. Re1 Ra3 35. Be2 Re3 36. Kf2 Rxe5 37. Ra1 a5 38. Rb1 Rf5+ 39. Ke1 a4 40. Rxb6
a3 41. Ra6 a2 42. Kd2 Rg5 43. Bf3 Rb5 44. Kc2 Rb1 0-1

[Event "Titled Tue 26th Aug Early"]
[Site "chess.com INT"]
[Date "2025.08.26"]
[Round "7"]
[White "Gant, Chris J"]
[Black "Rodrigues Mota, Romulo Cardoso S"]
[Result "0-1"]
[WhiteTitle "FM"]
[WhiteElo "2056"]
[BlackElo "1940"]
[WhiteFideId "403946"]
[BlackFideId "2187442"]
[EventDate "2025.08.26"]

1. d4 Nf6 2. c4 e6 3. g3 Bb4+ 4. Bd2 Qe7 5. Bg2 O-O 6. Nf3 d5 7. O-O b6 8. a3
Bxd2 9. Nbxd2 Ba6 10. Qc2 Rc8 11. Rfe1 Bb7 12. c5 a5 13. b4 Bc6 14. Ne5 b5 15.
Qb3 a4 16. Qc2 Be8 17. e4 c6 18. f4 Na6 19. f5 Nc7 20. fxe6 fxe6 21. Nd3 Bg6 22.
Nf4 Bxe4 23. Nxe4 Nxe4 24. Bxe4 dxe4 25. Qxe4 Qd7 26. Rad1 Re8 27. Nd3 Qd5 28.
Qh4 Rf8 29. Ne5 Qa2 30. Qe7 Rf2 31. Qh4 Raf8 32. Rf1 Nd5 33. Nd7 Rxf1+ 34. Rxf1
Rxf1+ 35. Kxf1 Ne3+ 36. Ke1 Ng2+ 0-1

[Event "Titled Tue 26th Aug Early"]
[Site "chess.com INT"]
[Date "2025.08.26"]
[Round "7"]
[White "Karunasena, A P Chenitha Sihas Dinsara"]
[Black "Carafizi, Vasile"]
[Result "1-0"]
[WhiteTitle "CM"]
[BlackTitle "FM"]
[WhiteElo "2026"]
[BlackElo "2134"]
[WhiteFideId "29982596"]
[BlackFideId "4002539"]
[EventDate "2025.08.26"]

1. e4 e5 2. Nf3 Nc6 3. Bc4 Nf6 4. d3 h6 5. c3 d6 6. Bb3 Bg4 7. Nbd2 Be7 8. Nf1
d5 9. Qe2 dxe4 10. dxe4 Qd7 11. Ng3 O-O-O 12. Bc2 h5 13. h3 Be6 14. Ng5 h4 15.
Nf5 Bf8 16. Be3 g6 17. g4 hxg3 18. Nxg3 Bxh3 19. Rd1 Qg4 20. Rxd8+ Nxd8 21.
Qxg4+ Nxg4 22. Rxh3 Rxh3 23. Nxh3 f6 24. Bd1 Nh6 25. f4 Ne6 26. fxe5 fxe5 27.
Bxh6 Bxh6 28. Bg4 Kd7 29. Nf2 Kd6 30. Bxe6 Kxe6 31. Nd3 b6 32. Ke2 Bf4 33. Kf3
g5 34. Nf5 c5 35. c4 Bd2 36. Kg4 a6 37. b3 Bf4 38. Ng7+ Kf6 39. Nh5+ Ke6 40.
Nhxf4+ gxf4 41. Nxf4+ exf4 42. Kxf4 Kf6 43. e5+ Ke6 44. a4 1-0

[Event "Titled Tue 26th Aug Early"]
[Site "chess.com INT"]
[Date "2025.08.26"]
[Round "7"]
[White "Javakhadze, Zurab"]
[Black "Omariev, Maksim"]
[Result "1-0"]
[WhiteTitle "IM"]
[BlackTitle "FM"]
[WhiteElo "2417"]
[BlackElo "2304"]
[WhiteFideId "13603647"]
[BlackFideId "4193423"]
[EventDate "2025.08.26"]

1. e4 c5 2. Nf3 d6 3. d4 cxd4 4. Nxd4 Nf6 5. Nc3 a6 6. Bg5 Nbd7 7. Qe2 Qa5 8. f4
e5 9. Nb3 Qc7 10. O-O-O Be7 11. g4 exf4 12. Bxf4 Ne5 13. g5 Bg4 14. Qd2 Bxd1 15.
gxf6 Bf3 16. Nd5 Qc6 17. Nd4 Qxd5 18. exd5 Bxh1 19. fxe7 Kxe7 20. Qb4 Rhd8 21.
Bxe5 Kf8 22. Bxd6+ Kg8 23. Nf5 g6 24. Nh6+ Kg7 25. Be5+ f6 26. Qe7+ Kxh6 27.
Bf4+ Kh5 28. Be2+ Kh4 29. Qxh7# 1-0

[Event "Titled Tue 26th Aug Early"]
[Site "chess.com INT"]
[Date "2025.08.26"]
[Round "7"]
[White "Hajialiyev, Islam"]
[Black "Szpar, Milosz"]
[Result "0-1"]
[WhiteTitle "CM"]
[BlackTitle "GM"]
[WhiteElo "2138"]
[BlackElo "2490"]
[WhiteFideId "13442724"]
[BlackFideId "1184989"]
[EventDate "2025.08.26"]

1. Nf3 d5 2. g3 Nc6 3. d4 Bf5 4. Bg2 Nb4 5. Na3 e6 6. O-O Be7 7. c4 c6 8. Bd2
Nf6 9. Qb3 a5 10. Nh4 Bg4 11. Nf3 O-O 12. h3 Bf5 13. g4 Be4 14. Rfc1 Qb6 15. Bc3
Qa6 16. Ne5 Bxg2 17. Kxg2 Rfd8 18. e3 Ne4 19. c5 f6 20. Nf3 Nd3 21. Rf1 Rdb8 22.
Qc2 b6 23. cxb6 Rxb6 24. Rad1 Nxc3 25. Rxd3 Nxa2 26. Rdd1 Rab8 27. Rb1 Nb4 28.
Qa4 Nd3 29. Nc2 Nxb2 30. Qa2 a4 31. e4 a3 32. Ne3 Na4 33. Rbc1 Rb2 34. Qa1 a2
35. exd5 cxd5 36. Rfe1 Bf8 37. Red1 Qe2 38. Rf1 Qxe3 0-1

[Event "Titled Tue 26th Aug Early"]
[Site "chess.com INT"]
[Date "2025.08.26"]
[Round "7"]
[White "Mueller, Riyanna"]
[Black "Cai, Chaoruo"]
[Result "1-0"]
[WhiteTitle "WFM"]
[BlackTitle "CM"]
[WhiteElo "2079"]
[BlackElo "2274"]
[WhiteFideId "16287401"]
[BlackFideId "8618402"]
[EventDate "2025.08.26"]

1. e4 c5 2. Nf3 d6 3. Bb5+ Bd7 4. Bxd7+ Qxd7 5. c4 Nc6 6. Nc3 Nf6 7. d4 cxd4 8.
Nxd4 g6 9. h3 Bg7 10. O-O O-O 11. Be3 Nxd4 12. Bxd4 Rfc8 13. b3 Ne8 14. Bxg7
Nxg7 15. Qd3 Ne6 16. Nd5 Nc5 17. Qd4 Ne6 18. Qe3 Qe8 19. Rad1 Rd8 20. f4 Ng7 21.
Nc7 Qc6 22. Nxa8 Rxa8 23. Kh1 Qa6 24. Rf2 Ne6 25. Rfd2 Nc5 26. e5 Rd8 27. exd6
exd6 28. Qe7 Rd7 29. Qe8+ Kg7 30. b4 Qc6 31. bxc5 Qc7 32. cxd6 Qc6 33. Qe5+ f6
34. Qe6 Rf7 35. Re2 b5 36. cxb5 Qxb5 37. d7 1-0

[Event "Titled Tue 26th Aug Early"]
[Site "chess.com INT"]
[Date "2025.08.26"]
[Round "7"]
[White "Aghasiyev, Kamal"]
[Black "Gutman, Gennadi"]
[Result "1-0"]
[WhiteTitle "IM"]
[BlackTitle "GM"]
[WhiteElo "2441"]
[BlackElo "2445"]
[WhiteFideId "13402854"]
[BlackFideId "14102277"]
[EventDate "2025.08.26"]

1. e4 c6 2. Nc3 d5 3. Nf3 dxe4 4. Nxe4 Nf6 5. Qe2 Nxe4 6. Qxe4 Nd7 7. Bc4 Nf6 8.
Ne5 e6 9. Qe2 b5 10. Bb3 Qc7 11. O-O Be7 12. d4 O-O 13. Bf4 Bd6 14. Bg3 Bb7 15.
Nd3 Bxg3 16. hxg3 Nd7 17. Qe3 a6 18. Nc5 Nxc5 19. dxc5 Rad8 20. c3 Rd7 21. Rfd1
Rfd8 22. Rxd7 Rxd7 23. a4 Qd8 24. Bc2 g6 25. Qf3 Rd2 26. Be4 Qd7 27. axb5 axb5
28. Qf6 Rd1+ 29. Rxd1 Qxd1+ 30. Kh2 Qh5+ 31. Kg1 Qxc5 32. Qd8+ Kg7 33. Qc7 Ba8
34. g4 b4 35. Qb8 bxc3 36. bxc3 Qxc3 37. Bf3 Qc1+ 38. Kh2 1-0

[Event "Titled Tue 26th Aug Early"]
[Site "chess.com INT"]
[Date "2025.08.26"]
[Round "7"]
[White "Matveeva, Olga"]
[Black "Subervi, Jonathan Sigfredo"]
[Result "1-0"]
[WhiteTitle "WIM"]
[BlackTitle "FM"]
[WhiteElo "2132"]
[BlackElo "2007"]
[WhiteFideId "24107018"]
[BlackFideId "6400345"]
[EventDate "2025.08.26"]

1. d4 f5 2. Nf3 Nf6 3. g3 g6 4. Bg2 Bg7 5. O-O d6 6. c4 O-O 7. Nc3 c6 8. d5 e5
9. dxe6 Bxe6 10. Bf4 Bxc4 11. Qxd6 Qxd6 12. Bxd6 Rd8 13. Rfd1 Na6 14. Ne5 Be6
15. f4 Ne8 16. Be7 Rxd1+ 17. Rxd1 Nac7 18. e4 fxe4 19. Bxe4 Nf6 20. Bf3 Ncd5 21.
Nxd5 Bxd5 22. Bxf6 Bxf3 23. Nxf3 Bxf6 24. Rd7 b6 25. b3 Bg7 26. Ng5 a5 27. Ne6
Bf6 28. g4 a4 29. g5 Bc3 30. Nd8 axb3 31. axb3 c5 32. Nf7 Ra1+ 33. Kg2 Bd4 34.
Nh6+ Kf8 35. Rxh7 Rb1 36. f5 gxf5 37. Nxf5 Rb2+ 38. Kf3 Bg1 39. g6 Rxb3+ 40. Ke4 1-0

[Event "Titled Tue 26th Aug Early"]
[Site "chess.com INT"]
[Date "2025.08.26"]
[Round "7"]
[White "Miserendino, Alfredo"]
[Black "Almedina Ortiz, Edgardo J."]
[Result "1-0"]
[BlackTitle "FM"]
[WhiteElo "2032"]
[BlackElo "2210"]
[WhiteFideId "101800"]
[BlackFideId "3100197"]
[EventDate "2025.08.26"]

1. e4 c6 2. Nc3 d5 3. Nf3 dxe4 4. Nxe4 Nf6 5. Nxf6+ gxf6 6. g3 h5 7. h4 Bg4 8.
Bg2 Qd5 9. O-O Nd7 10. d4 O-O-O 11. Qd3 Qf5 12. Qa3 e6 13. b4 Qxc2 14. Qxa7 e5
15. b5 c5 16. Be3 e4 17. Rac1 Qxc1 18. Rxc1 exf3 19. Bf1 Bh6 20. Qa8+ Nb8 21.
Rxc5+ Kd7 22. Qxb7+ Ke8 23. Bxh6 Rxh6 24. b6 Nd7 25. Rc7 f5 26. Bb5 f4 27. Qe4+
Re6 28. Qxf4 Kf8 29. Bxd7 Re1+ 30. Kh2 Bxd7 31. Qh6+ Ke8 32. Qxh5 1-0

[Event "Titled Tue 26th Aug Early"]
[Site "chess.com INT"]
[Date "2025.08.26"]
[Round "7"]
[White "Sindarov, Javokhir"]
[Black "Zhigalko, Sergei"]
[Result "0-1"]
[WhiteTitle "GM"]
[BlackTitle "GM"]
[WhiteElo "2722"]
[BlackElo "2572"]
[WhiteFideId "14205483"]
[BlackFideId "13502956"]
[EventDate "2025.08.26"]

1. e4 c5 2. Nc3 Nc6 3. f4 g6 4. Nf3 Bg7 5. Bb5 Nd4 6. O-O a6 7. Bd3 d6 8. Nxd4
cxd4 9. Ne2 Nf6 10. c3 dxc3 11. dxc3 O-O 12. Kh1 b5 13. a4 Bb7 14. Ng3 h5 15.
Qf3 Qd7 16. Re1 bxa4 17. Bc2 Bc6 18. Ne2 e5 19. fxe5 dxe5 20. Bg5 Nh7 21. Bh4 f5
22. Qh3 Qd2 23. Rac1 Ng5 24. Bxg5 Qxg5 25. exf5 h4 26. Rf1 Rad8 27. fxg6 Kh8 28.
Ng1 Rd2 29. Nf3 Bxf3 30. Rxf3 Rxf3 31. Qxf3 Rf2 32. Qd1 Qxg2# 0-1

[Event "Titled Tue 26th Aug Early"]
[Site "chess.com INT"]
[Date "2025.08.26"]
[Round "7"]
[White "Vincenti, Leonardo"]
[Black "Molina, Roberto Junio Brito"]
[Result "0-1"]
[WhiteTitle "CM"]
[BlackTitle "IM"]
[WhiteElo "2221"]
[BlackElo "2378"]
[WhiteFideId "28550820"]
[BlackFideId "2109450"]
[EventDate "2025.08.26"]

1. e4 c6 2. Nc3 d5 3. Qe2 dxe4 4. Nxe4 Bf5 5. Nf3 e6 6. d3 Nf6 7. Bd2 Nbd7 8.
Bc3 Be7 9. O-O-O a5 10. Nxf6+ Bxf6 11. Bxf6 Qxf6 12. d4 Bg4 13. Qe3 Bxf3 14.
gxf3 O-O 15. Rg1 g6 16. Bd3 Nb6 17. Be4 Rfd8 18. Rg3 Nd5 19. Bxd5 Rxd5 20. Rg4
Rad8 21. h4 Rf5 22. Qc3 Rdd5 23. Rd3 Rf4 24. Qd2 Rxf3 25. c4 Rxd3 26. Qxd3 Rf5
27. h5 Rxh5 28. Qe3 Rf5 29. Rg2 Rf4 30. d5 Rxc4+ 31. Kb1 Qf5+ 32. Ka1 cxd5 33.
Rg1 Kg7 34. Rh1 h5 35. Rg1 b5 36. a3 b4 37. a4 b3 38. Qxb3 Qxf2 39. Rb1 Qd4 0-1

[Event "Titled Tue 26th Aug Early"]
[Site "chess.com INT"]
[Date "2025.08.26"]
[Round "7"]
[White "Rogov, Matfey"]
[Black "Gavilan Diaz, Mario"]
[Result "1-0"]
[WhiteTitle "FM"]
[BlackTitle "FM"]
[WhiteElo "2348"]
[BlackElo "2195"]
[WhiteFideId "44191308"]
[BlackFideId "2260905"]
[EventDate "2025.08.26"]

1. Nf3 Nf6 2. b3 g6 3. Bb2 Bg7 4. c4 O-O 5. g3 c5 6. Bg2 Nc6 7. O-O d6 8. Nc3 e5
9. d3 h6 10. e3 Be6 11. Ne1 d5 12. cxd5 Nxd5 13. Rc1 b6 14. Nxd5 Bxd5 15. e4 Be6
16. f4 Nd4 17. f5 Bc8 18. Bxd4 Qxd4+ 19. Kh1 Bf6 20. Nc2 Qd6 21. Ne3 Bg5 22. Nc4
Qd4 23. Rc2 Ba6 24. h4 Bf6 25. Rd2 Rad8 26. fxg6 fxg6 27. Qg4 Kg7 28. Rdf2 Qxd3
29. h5 g5 30. Qf5 Qxg3 31. Qg6+ Kh8 32. Rxf6 Qh4+ 33. Kg1 Rfe8 34. Rf7 Qxe4 35.
Qg7# 1-0

[Event "Titled Tue 26th Aug Early"]
[Site "chess.com INT"]
[Date "2025.08.26"]
[Round "7"]
[White "Waldhausen Gordon, Frederick"]
[Black "Rustamov, Rustam"]
[Result "0-1"]
[WhiteTitle "FM"]
[BlackTitle "FM"]
[WhiteElo "2393"]
[BlackElo "2310"]
[WhiteFideId "2409143"]
[BlackFideId "13440110"]
[EventDate "2025.08.26"]

1. Nf3 c5 2. e4 d6 3. d4 cxd4 4. Nxd4 e5 5. Bb5+ Bd7 6. Bxd7+ Qxd7 7. Ne2 Nf6 8.
Nbc3 Qg4 9. Ng3 Qxd1+ 10. Kxd1 a6 11. Bg5 Nbd7 12. Nf5 Rc8 13. f3 g6 14. Ne3 Be7
15. h4 h6 16. Bxf6 Nxf6 17. Ncd5 Nxd5 18. Nxd5 h5 19. Kd2 f5 20. g3 Kf7 21. Kd3
Ke6 22. c4 Rcf8 23. Raf1 Rf7 24. Rh2 Rhf8 25. b3 Bd8 26. Rc2 Rg8 27. Rg2 fxe4+
28. Kxe4 g5 29. hxg5 Rxg5 30. Rh1 Rfg7 31. Rh3 b5 32. cxb5 axb5 33. f4 Rf5 34.
Ne3 d5+ 35. Nxd5 Rd7 36. Ne3 Rd4+ 37. Kf3 e4+ 38. Ke2 Rc5 39. f5+ Kf7 40. Rxh5
Ba5 41. Nf1 Rd3 0-1

[Event "Titled Tue 26th Aug Early"]
[Site "chess.com INT"]
[Date "2025.08.26"]
[Round "7"]
[White "Sarana, Alexey"]
[Black "Bardyk, Artem"]
[Result "1-0"]
[WhiteTitle "GM"]
[BlackTitle "FM"]
[WhiteElo "2691"]
[BlackElo "2332"]
[WhiteFideId "24133795"]
[BlackFideId "34349979"]
[EventDate "2025.08.26"]

1. d4 d5 2. c4 e6 3. Nc3 Nf6 4. Bg5 dxc4 5. e3 c5 6. Bxc4 cxd4 7. exd4 Be7 8.
Nf3 O-O 9. O-O h6 10. Bh4 Nc6 11. Re1 b6 12. Qd3 Bb7 13. Rad1 Rc8 14. Ne5 Nxe5
15. dxe5 Qxd3 16. Bxd3 Nd5 17. Bxe7 Nxe7 18. f3 Rfd8 19. Kf2 Nd5 20. Nb5 Rc5 21.
Nd6 Nb4 22. Nxb7 Nxd3+ 23. Kf1 Rdd5 24. Nxc5 Nxe1 25. Rxd5 exd5 26. Kxe1 bxc5
27. f4 a5 28. g4 a4 29. Kd2 Kf8 30. f5 Ke7 31. Kc3 Kd7 32. b3 a3 33. b4 c4 34.
Kd4 Kc6 35. h4 Kb6 36. g5 hxg5 37. hxg5 Kc6 38. f6 gxf6 39. exf6 1-0

[Event "Titled Tue 26th Aug Early"]
[Site "chess.com INT"]
[Date "2025.08.26"]
[Round "7"]
[White "Schnaider, Ilan"]
[Black "Sharshenbekov, Emir"]
[Result "0-1"]
[WhiteTitle "IM"]
[BlackTitle "CM"]
[WhiteElo "2386"]
[BlackElo "2175"]
[WhiteFideId "169013"]
[BlackFideId "13810634"]
[EventDate "2025.08.26"]

1. e4 e5 2. Nf3 Nf6 3. Nc3 Nc6 4. h3 Bb4 5. Nd5 Bc5 6. c3 Nxe4 7. d4 exd4 8. Bd3
Nf6 9. Nxf6+ gxf6 10. O-O d5 11. cxd4 Be7 12. Nh4 Nxd4 13. Re1 Be6 14. Qa4+ Nc6
15. Nf5 Rg8 16. Bh6 Qd7 17. Ng7+ Kd8 18. Qh4 Ne5 19. Bc2 Ng6 20. Qd4 c6 21. Nh5
Ne5 22. Bg7 Bxh3 23. Qh4 Bg4 24. Nxf6 Rxg7 25. Qh6 Rg6 26. Bxg6 Bxf6 27. Bxh7
Qe7 28. f4 Qc5+ 29. Kh1 Nd7 30. Qh3 Bxh3 0-1

[Event "Titled Tue 26th Aug Early"]
[Site "chess.com INT"]
[Date "2025.08.26"]
[Round "7"]
[White "Puzyrevsky, Semyon"]
[Black "Tureshbayev, Anuar"]
[Result "1/2-1/2"]
[WhiteTitle "FM"]
[BlackTitle "CM"]
[WhiteElo "2269"]
[BlackElo "2214"]
[WhiteFideId "24240931"]
[BlackFideId "651081709"]
[EventDate "2025.08.26"]

1. e4 c5 2. Nf3 d6 3. d4 cxd4 4. Nxd4 Nf6 5. Nc3 g6 6. f3 Bg7 7. Be3 O-O 8. Qd2
Nc6 9. Bc4 Nxd4 10. Bxd4 Be6 11. Bb3 Qa5 12. O-O-O b5 13. Kb1 b4 14. Ne2 Bxb3
15. cxb3 e5 16. Be3 d5 17. exd5 Rfd8 18. d6 Bf8 19. Bg5 Rxd6 20. Qe3 Nd5 21. Qe4
h6 22. Bh4 Ra6 23. Nc1 Nb6 24. Rd8 Rxd8 25. Bxd8 Qb5 26. Bxb6 Rxb6 27. Rd1 Rd6
28. Rxd6 Bxd6 29. Qc4 Qb6 30. h3 Kg7 31. Qd5 f5 32. Nd3 Qg1+ 33. Nc1 Qc5 34.
Qxc5 Bxc5 35. Kc2 e4 36. fxe4 fxe4 37. Ne2 Kf6 38. Kd2 Ke5 39. g3 Bf2 40. g4 Bd4
41. Kc2 g5 42. a3 a5 43. a4 Be3 44. Kd1 Bf2 45. Kd2 Bd4 46. Kc2 Bb6 47. Kd2 Bc7
48. Ng3 Kf4 49. Nf5 Kf3 50. Ke1 e3 51. Nd4+ Ke4 52. Nf5 Be5 53. Ke2 Bxb2 54.
Nxe3 Kd4 55. Nc4 Bc1 56. Nxa5 Bf4 57. Nc4 Kc3 58. a5 Kxb3 59. a6 Bb8 60. Kd3 Ba7
61. Na5+ Ka2 62. Nc6 b3 63. Nb4+ Ka1 64. Kc3 b2 65. Nc2+ Ka2 66. Nb4+ Ka3 67.
Nc2+ Ka2 68. Nb4+ Ka3 69. Nc2+ Ka2 1/2-1/2